000 00511nam a2200217Ia 4500
003 0100
008 130303s9999 xx 000 0 und d
040 _cARRUPELIB
050 _aB3279.H94L3 1958
100 _aLauer, Quentin
245 _aPhenomenology
245 _bits genesis and prospect
260 _aNew York
260 _bHarper & Row Publishers
260 _C1958
300 _a185p.
300 _b 20cm.
650 _aPHILOSOPHY
650 _bReligion -- Religious aspects
942 0 0 _01
999 _c49244
_d49244